all bundesliga winners - Statistics

General Stats
  • This quiz has been taken 12 times
  • The average score is 11 of 31
Answer Stats
Hint Answer % Correct
1 bayer 04 leverkusen
100%
34 bayern munich
100%
8 borussia dortmund
100%
5 borussia mönchengladbach
88%
5 stuttgart
75%
4 werder bremen
75%
1 wolfsburg
75%
1 eintracht frankfurt
63%
6 hamburger
63%
2 hannover 96
63%
3 köln
63%
1 eintracht braunschweig
38%
2 hertha
38%
4 kaiserslautern
38%
9 nuremberg
38%
1 TSV munich
38%
1 mannheim
25%
1 karlsruher SC
13%
1 rot-weiss essen
13%
7 shalke 04
13%
3 spVgg fürth
13%
1 union 92 berlin
13%
2 dresdner
0%
1 fortuna dusseldorf
0%
1 freiburger
0%
1 holstein kiel
0%
1 karlsruher FC phönix
0%
1 karlsruher FV
0%
3 leipzig
0%
1 rapid vienna
0%
2 viktoria
0%
No matching quizzes found
Score Distribution
Percent of People with Each Score
Percentile by Number Answered
Your Score History
You have not taken this quiz